Detalles MARC
| 000 -ENCABEZADO |
| Número de control [NR] |
01348nam a22002897a 4500 |
| 005 - FECHA Y HORA DE LA ÚLTIMA TRANSACCIÓN |
| control field |
20140909072218.0 |
| 008 - DE LONGITUD FIJA DE DATOS DE ELEMENTOS - INFORMACIÓN GENERAL |
| Elementos de longitud fija [NR] |
130802s1996 aca g 000 0 eng |
| 040 ## - FUENTE DE CATALOGACION [NR] |
| Agencia de catalogación original [NR] |
CO-BoUCM |
| Quien Cataloga |
Jose A. Gerena (modificó) |
| Quien Clasifica |
Aldemar Mondragón |
| 041 0# - CODIGO DE IDIOMA [R] |
| Código de idioma para texto/pista de sonido o título separado [R] |
Inglés |
| 092 ## - SIGNATURA TOPOGRAFICA LOCAL |
| Número de clasificación local |
DVD 1264 |
| 245 00 - MENCION DE TITULO [NR] |
| Título [NR] |
Shine |
| Medio físico [NR] |
[DVD] |
| Mención de responsabilidad, etc. [NR] |
Scott Hicks, director |
| 260 ## - PUBLICACION, DISTRIBUCION, ETC. (PIE DE IMPRENTA) [R] |
| Lugar de publicación, distribución, etc. [R] |
[Canberra] |
| Nombre del editor, distribuidor, etc. [R] |
Fine Line Features |
| Fecha de publicación, distribución, etc. [R] |
1996 |
| 300 ## - DESCRIPCION FISICA [R] |
| Extensión [R] |
1 disco (105 min.) |
| Otros detalles físicos [NR] |
sonido, color |
| 505 ## - NOTA DE CONTENIDO CON FORMATO PREESTABLECIDO [R] |
| Mención de responsabilidad [R] |
SIPNOSIS: El pianista David Helfgott sufre un colapso, presionado por su padre y sus profesores. Tiempo después retoma el piano, atendiendo un reconocimiento popular aunque no crítico |
| 508 ## - NOTA DE CREDITOS DE CREACION/PRODUCCION [R] |
| Nota de créditos de creación/producción [NR] |
CREDITOS: Director Scott Hicks ; Writers Jan Sardi (screenplay), Scott Hicks (story) |
| 511 ## - NOTA DE PARTICIPANTE O INTERPRETE [R] |
| Nota de participante o intérprete [NR] |
REPARTO: Geoffrey Rush, Justin Braine, Sonia Todd, See full cast and crew |
| 586 ## - NOTA DE PREMIOS [R] |
| Nota de premios [NR] |
Premio de la académia, ganador mejor actor Geoffrey Rush |
| 600 14 - ASIENTO SECUNDARIO DE MATERIA - NOMBRE PERSONAL [R] |
| Nombre personal [NR] |
Helfgott, David |
| Fechas asociadas con el nombre [NR] |
1947- |
| 9 (RLIN) |
42015 |
| 650 #7 - ASIENTO SECUNDARIO DE MATERIA - TERMINO TEMATICO [R] |
| Término temático o nombre geográfico como elemento de entrada [NR] |
Enfermedades mentales |
| Subdivisión de forma [R] |
Dvd |
| 9 (RLIN) |
42017 |
| 650 #7 - ASIENTO SECUNDARIO DE MATERIA - TERMINO TEMATICO [R] |
| Término temático o nombre geográfico como elemento de entrada [NR] |
Esquizofrenia |
| Subdivisión de forma [R] |
Dvd |
| 9 (RLIN) |
42018 |
| 650 #7 - ASIENTO SECUNDARIO DE MATERIA - TERMINO TEMATICO [R] |
| Término temático o nombre geográfico como elemento de entrada [NR] |
Pianistas |
| Subdivisión de forma [R] |
Dvd |
| 9 (RLIN) |
42016 |
| 690 ## - ASUNTO AGREGADO LOCAL DE ENTRADA - TÉRMINO TEMÁTICO (OCLC, RLIN) |
| Acceso temático local |
Entretenimiento |
| 700 1# - ASIENTO SECUNDARIO - NOMBRE PERSONAL [R] |
| Nombre personal [NR] |
Hicks,Scott |
| Término de relación [R] |
director |
| 9 (RLIN) |
41989 |
| 856 40 - LOCALIZACION Y ACCESO ELECTRONICOS [R] |
| Nota dirigida al público [R] |
Ver el trailer |
| Identificador Uniforme del Recurso (“URI”) [R] |
<a href="https://www.youtube.com/watch?v=vTt4Ar6pzO4">https://www.youtube.com/watch?v=vTt4Ar6pzO4</a> |
| 856 40 - LOCALIZACION Y ACCESO ELECTRONICOS [R] |
| Identificador Uniforme del Recurso (“URI”) [R] |
<a href="https://www.youtube.com/watch?v=vTt4Ar6pzO4">https://www.youtube.com/watch?v=vTt4Ar6pzO4</a> |
| Nota dirigida al público [R] |
Siga este vínculo para ver el trailer. |
| 942 ## - ELEMENTOS DE ENTRADA AGREGADOS (KOHA) |
| Koha item type |
Multimedia |
| Source of classification or shelving scheme |
LOCAL |
| Tema principal |
Entretenimiento |